00327nam a2200133Ia 4500003000400000005001700004008004100021020002000062040000900082100002300091245003900114260003100153260000900184OSt20240217142212.0170524s9999 xx 000 0 und d a 978-0827375666 cIIMT aStrianese- Anthony 0aDining room and banquet management bInternational thomson pub. c1997